[Event "Giugliano op 5th"]
[Site "Giugliano"]
[Date "2010.09.24"]
[Round "1"]
[White "Ponticelli, Carmine"]
[Black "Tesone, Crescenzo"]
[Result "1-0"]
[WhiteElo "1431"]
[BlackElo "1833"]
[PlyCount "37"]
[EventDate "2010.09.24"]
[EventType "swiss"]
[EventRounds "5"]
[EventCountry "ITA"]
[SourceTitle "EXT 2024"]
[Source "ChessBase"]
[SourceDate "2023.10.10"]
[SourceVersion "1"]
[SourceVersionDate "2023.10.10"]
[SourceQuality "1"]

1. e4 g6 2. d4 d6 3. Nf3 Bg7 4. Bf4 Nf6 5. Nbd2 0-0 6. Bc4 Bg4 7. h3 Bd7 8. e5 Nh5 9. Bh2 Bh6 10. g4 Bxd2+ 11. Qxd2 d5 12. Bxd5 c6 13. Qh6 Qa5+ 14. c3 Qxd5 15. Ng5 Nf6 16. exf6 Qxh1+ 17. Ke2 Qe4+ 18. Nxe4 exf6 19. Nxf6+ 1-0